000 00302nam a22001337a 4500
008 170929b xxu||||| |||| 00| 0 eng d
020 _a9780536311573
041 _aeng
080 _28TH
_a37
100 _a47
101 _aEDU
245 _aCOMMUNICATING IN SMALL GROUPS
_cBEEBE,S.A
942 _2udc
_cBK
999 _c30759
_d30759